ბათუმის შოთა რუსთაველის სახელმწიფო უნივერსიტეტის ბიბლიოთეკა

ქვეყანათმცოდნეობა : ევროპა / (ბიბ.ჩანაწერი № 36836)

000 -ლიდერი
ფიქსირებული სიგრძის საკონტროლო ველი 00915nam a2200229Ia 4500
001 - საკონტროლო ნომერი
საკონტროლო ველი 2782
003 - საკონტროლო ნომრის იდენტიფიკატორი
საკონტროლო ველი GE_BSU
005 - ბოლო ოპერაციის თარიღი და დრო
საკონტროლო ველი 20190507111345.0
008 - ფიქსირებული სიგრძის მონაცემთა ელემენტები - ზოგადი ინფორმაცია
ფიქსირებული სიგრძის საკონტროლო ველი 181216s2 ||||ge |||||||||||||| ||geo||
040 ## - კატალოგიზაციის წყარო
Transcribing agency GE_BSU
041 ## - ენის კოდი
Language code of text/sound track or separate title geo
080 ## - უნივერსალური ათობითი კლასიფიკაციის ინდექსი
Universal Decimal Classification number 910(04) ჯ–67
100 ## - მთავარი ჩანაწერი - პიროვნების სახელი
Personal name ჯოლია, გურამ
9 (RLIN) 770
245 ## - ცნობა სათაურის შესახებ
Title ქვეყანათმცოდნეობა : ევროპა /
Statement of responsibility, etc გურამ ჯოლია ; რედ. თემურ ჯაგოდნიშვილი
264 ## - წარმოების, გამოცემის, დისტრიბუციის და სხვა ცნობები
გამოცემის, წარმოების, დისტრიბუციის... ადგილი თბილისი ;
გამოცემის, წარმოების, დისტრიბუციის... თარიღი 2004.
300 ## - ფიზიკური აღწერა
Extent 208გვ . :
Other physical details ფოტ.
Dimensions 20 სმ.
504 ## - BIBLIOGRAPHY, ETC. NOTE
Bibliography, etc ბიბლიოგრ.: გვ. 206-207.
653 ## - INDEX TERM--UNCONTROLLED
Uncontrolled term ევროპის ქვეყნები
653 ## - INDEX TERM--UNCONTROLLED
Uncontrolled term ქვეყანათმცოდნეობა
700 ## - ADDED ENTRY--PERSONAL NAME
Personal name ჯაგოდნიშვილი,თემურ
Relator term რედაქტორი
9 (RLIN) 841
942 ## - ADDED ENTRY ELEMENTS (KOHA)
Koha item type წიგნი
Source of classification or shelving scheme
ეგზემპლარები
ჩამოწერის სტატუსი დაკარგული ეგზემპლარის სტატუსი კლასიფიკაციის წყარო ან თაროზე გაწყობის სქემა დაზიანების სტატუსი არ გაიცემა მუდმივი მდებარეობა (დაცვის ადგილი) ამჟამინდელი ადგილსამყოფელი თაროზე განთავსების ადგილი შეძენის თარიღი ღირებულება, შესყიდვის ნორმალური ფასი სრული შენახვის შიფრი შტრიხკოდი ბოლო ოპერაციის თარიღი ეგზემპლარის მიმდევრობითი ნომერი (კეტერი?) ფასის ძალაში შესვლის თარიღი ეგზემპლარის სახეობა საჯარო შენიშვნა
          ბათუმის შოთა რუსთაველის სახელმწიფო უნივერსიტეტის მთავარი ბიბლიოთეკა ბათუმის შოთა რუსთაველის სახელმწიფო უნივერსიტეტის მთავარი ბიბლიოთეკა წიგნსაცავი 2018-12-17 8.00 910(04) ჯ–67 7737 2018-12-17 7737 2018-12-17 წიგნი 8 ლ.